Dni tygodnia po rosyjsku - Statystyki

Ogólne statystyki
  • Ten quiz został rozwiązany 82 razy
  • Średni wynik to 5 z 7
Statystyki odpowiedzi
Dzień % Poprawnych
вторник
93%
понедельник
83%
среда
76%
суббота
76%
четверг
71%
пятница
71%
воскресенье
67%
Nie znaleziono quizów pasujących do podanych kryteriów
Rozkład punktacji
Procent ludzi z każdym wynikiem
Percentyl według liczby udzielonych odpowiedzi
Twoja historia wyników
Nie rozwiązałeś tego quizu